Kimya Ezberlenmesi Gerekenler - Statistics

General Stats
  • This quiz has been taken 11 times
  • The average score is 15 of 43
Answer Stats
Group Hint Answer % Correct
G1 CH₃COOH Asetik Asit
80%
G2 CH₃COOH Asetik Asit
80%
G1 CO₂ Karbondioksit
80%
G1 CO Karbonmonoksit
80%
G1 NH₃ Amonyak
60%
G2 NH₃ Amonyak
60%
G1 C₂H₆ Etan
60%
G1 CaCO₃ Kalsiyum Karbonat
60%
G1 Mg(OH)₂ Magnezyum Hidroksit
60%
G2 Mg(OH)₂ Magnezyum hidroksit
60%
G1 CH₄ Metan
60%
G2 KOH Potasyum hidroksit
60%
G1 KI Potasyum iyodür
60%
G1 C₃H₈ Propan
60%
G1 NaOH Sodyum Hidroksit
60%
G2 NaOH Sodyum hidroksit
60%
G1 NaCl Sodyum Klorür
60%
G1 H₂O Su
60%
G1 CaSO₄ Kalsiyum Sülfat
40%
G1 NaHCO₃ Sodyum Bikarbonat
40%
G2 Ba(OH)₂ Baryum hidroksit
20%
G1 Fe₂O₃ Demir (III) Oksit
20%
G1 C₂H₅OH Etanol
20%
G2 H₃PO₄ Fosforik asit
20%
G1 C₆H₁₂O₆ Glikoz
20%
G2 HCl Hidroklorik asit
20%
G2 Ca(OH)₂ Kalsiyum hidroksit
20%
G2 H₂CO₃ Karbonik asit
20%
G2 HNO₃ Nitrik asit
20%
G1 SiO₂ Silisyum Dioksit
20%
G2 H₂SO₄ Sülfürik asit
20%
G2 Güçlü Asit
0%
G2 Güçlü Asit
0%
G2 Güçlü Asit
0%
G2 Güçlü Baz
0%
G2 Güçlü Baz
0%
G2 Güçlü Baz
0%
G2 Güçlü Baz
0%
G2 Zayıf Asit
0%
G2 Zayıf Asit
0%
G2 Zayıf Baz
0%
G2 Zayıf Baz
0%
G2 Zayıf/Orta
0%
No matching quizzes found
Score Distribution
Percent of People with Each Score
Percentile by Number Answered
Your Score History
You have not taken this quiz